00676nam a2200241 a 4500001001300000003000900013005001700022008004100039020001000080082001600090100002200106245002400128260003800152300000900190500003500199505003900234650001300273700002200286902000800308942000700316952009600323999001500419nice12345678IN_TiNIC20260116011456.0050524s1944 laha grp 000 0 eng  ac10000a954.91bDUR aDurrani, F K Khan aMeaning of Pakistan aLahorebSh. Muhammad Ashrafc1944 a227p aincludes index and biblioraphy2 aSelect Bibliography Table of Dates aPakistan1 aDurrani, F K Khan bSRS cBK 00104070aHMIbHMId2008-01-22g100.00l0o954.91 DURp00927r2008-01-22w2026-01-16yEB c1868d1868